[Event "32. Copenhagen Open (Politiken Cup)"]
[Site "Elsinore"]
[Date "2010.08.04"]
[Round "6"]
[White "Nielsen, Kai Gylling"]
[Black "Jensen, Jonbert"]
[Result "1-0"]
[WhiteElo "1891"]
[BlackElo "1664"]
[PlyCount "111"]
[EventDate "2010.07.31"]
[EventType "swiss"]
[EventRounds "10"]
[EventCountry "DEN"]
[Source "ChessBase"]
[SourceDate "2010.09.01"]

1. e4 d6 2. d4 Nf6 3. Nc3 g6 4. h3 Bg7 5. Nf3 O-O 6. Be3 b6 7. Qd2 Ba6 8. O-O-O
c5 9. dxc5 bxc5 10. Bxc5 Bxf1 11. Rhxf1 Qa5 12. Ba3 Na6 13. Nd5 Qxd2+ 14. Nxd2
Nxd5 15. exd5 Rfc8 16. f4 Rab8 17. Rf3 Nb4 18. Bxb4 Rxb4 19. b3 Bc3 20. Nc4 Bg7
21. g4 Rb5 22. h4 a5 23. a4 Rbc5 24. Re3 R8c7 25. Re2 Rb7 26. Rd3 Kf8 27. f5 f6
28. fxg6 hxg6 29. g5 Kf7 30. gxf6 Bxf6 31. Rh2 Rb8 32. h5 g5 33. Nd2 Rc3 34.
Rxc3 Bxc3 35. Ne4 Bf6 36. Rf2 Kg7 37. Kd2 Rf8 38. Ke2 Kh6 39. Ng3 Rc8 40. Kf3
Rc3+ 41. Kg4 Kh7 42. Ne4 Rc8 43. Nxg5+ Bxg5 44. Kxg5 Rg8+ 45. Kh4 Kh6 46. Re2
Rg7 47. Re6+ Kh7 48. b4 axb4 49. a5 Rg2 50. Rxe7+ Kg8 51. Rc7 Rh2+ 52. Kg5 Rg2+
53. Kf6 Rh2 54. Ke6 Rxh5 55. Kxd6 Rh6+ 56. Kc5 1-0

[Event "32. Copenhagen Open (Politiken Cup)"]
[Site "Elsinore"]
[Date "2010.08.04"]
[Round "6"]
[White "Olofsson Dolk, Mattis"]
[Black "Stojanovski, Sandi"]
[Result "0-1"]
[WhiteElo "1949"]
[BlackElo "2208"]
[PlyCount "72"]
[EventDate "2010.07.31"]
[EventType "swiss"]
[EventRounds "10"]
[EventCountry "DEN"]
[Source "ChessBase"]
[SourceDate "2010.09.01"]

1. e4 c5 2. Nf3 Nc6 3. d4 cxd4 4. Nxd4 Nf6 5. Nc3 e5 6. Ndb5 d6 7. Bg5 a6 8.
Na3 b5 9. Nd5 Be7 10. Bxf6 Bxf6 11. c3 Bg5 12. Nc2 O-O 13. a4 bxa4 14. Rxa4 a5
15. Bc4 Rb8 16. b3 Kh8 17. h4 Bh6 18. g4 Bf4 19. Qf3 Be6 20. Ra1 Ne7 21. Nxf4
Bxc4 22. bxc4 exf4 23. Qxf4 Rb2 24. Nd4 Ng6 25. Qg3 Ne5 26. c5 dxc5 27. Qxe5
cxd4 28. Qxd4 Qc8 29. c4 Qxg4 30. Qxb2 Qxe4+ 31. Kd2 Rd8+ 32. Kc1 Qxh1+ 33. Kc2
Qe4+ 34. Kc1 Qe1+ 35. Kc2 Rd2+ 36. Kc3 Qe5+ 0-1

[Event "32. Copenhagen Open (Politiken Cup)"]
[Site "Elsinore"]
[Date "2010.08.04"]
[Round "6"]
[White "Oxener, Aldo"]
[Black "Larsen, Bror Johannes"]
[Result "0-1"]
[WhiteElo "1494"]
[BlackElo "1750"]
[PlyCount "46"]
[EventDate "2010.07.31"]
[EventType "swiss"]
[EventRounds "10"]
[EventCountry "DEN"]
[Source "ChessBase"]
[SourceDate "2010.09.01"]

1. Nf3 d5 2. d4 Nc6 3. c4 Nf6 4. Nc3 e6 5. Bg5 Be7 6. e3 O-O 7. Bd3 dxc4 8.
Bxc4 Nd5 9. Bxe7 Ncxe7 10. O-O b6 11. Rc1 Nxc3 12. Rxc3 Bb7 13. Re1 Rc8 14. e4
c5 15. Bb3 cxd4 16. Rxc8 Qxc8 17. Qxd4 Rd8 18. Qe3 Ng6 19. Ng5 h6 20. Nh3 Rd7
21. f3 Qd8 22. Re2 Ba6 23. Rf2 Rd1+ 0-1

[Event "32. Copenhagen Open (Politiken Cup)"]
[Site "Elsinore"]
[Date "2010.08.04"]
[Round "6"]
[White "Pedersen, Hans Buus"]
[Black "Andersen, Claus"]
[Result "1-0"]
[WhiteElo "2144"]
[BlackElo "1839"]
[PlyCount "57"]
[EventDate "2010.07.31"]
[EventType "swiss"]
[EventRounds "10"]
[EventCountry "DEN"]
[Source "ChessBase"]
[SourceDate "2010.09.01"]

1. e4 e5 2. Nf3 Nf6 3. Nc3 Bb4 4. Nxe5 O-O 5. Be2 Re8 6. Nd3 Bxc3 7. dxc3 Nxe4
8. O-O d6 9. Nf4 c6 10. f3 Nf6 11. c4 Bf5 12. b3 Qc7 13. Bb2 Nbd7 14. g4 d5 15.
Qd2 Bg6 16. h4 h6 17. Rf2 Ne5 18. g5 hxg5 19. hxg5 Nh5 20. Nxh5 Bxh5 21. f4
Bxe2 22. Bxe5 Rxe5 23. fxe5 Bh5 24. Qf4 dxc4 25. Rh2 g6 26. Rf2 cxb3 27. axb3
Re8 28. Rxa7 Rxe5 29. Ra8+ 1-0

[Event "32. Copenhagen Open (Politiken Cup)"]
[Site "Elsinore"]
[Date "2010.08.04"]
[Round "6"]
[White "Percivaldi, Martin"]
[Black "Hansen, Erik Friberg"]
[Result "1-0"]
[WhiteElo "1767"]
[BlackElo "1558"]
[PlyCount "85"]
[EventDate "2010.07.31"]
[EventType "swiss"]
[EventRounds "10"]
[EventCountry "DEN"]
[Source "ChessBase"]
[SourceDate "2010.09.01"]

1. e4 d5 2. exd5 Qxd5 3. Nc3 Qa5 4. d4 c6 5. Bc4 Nf6 6. Bd2 Qc7 7. Nf3 Bg4 8.
O-O e6 9. Qe2 Bd6 10. h3 Bh5 11. Ne4 Be7 12. Qd3 Bg6 13. Nxf6+ Bxf6 14. Qb3 O-O
15. Rfe1 Nd7 16. Qe3 Bxc2 17. Rac1 Bg6 18. Bb3 Rfe8 19. Ne5 Bxe5 20. dxe5 Qb6
21. Qg3 Qd8 22. Bg5 Qc7 23. Rcd1 Nb6 24. h4 Bh5 25. Rc1 Kh8 26. Bf4 Bg6 27. Qe3
Nd5 28. Qf3 h6 29. Bd2 Rad8 30. Bxd5 Rxd5 31. Qe3 Red8 32. Bb4 a6 33. Bd6 Qc8
34. a4 Qa8 35. Rc3 b5 36. a5 Qc8 37. Rec1 Qb7 38. Rxc6 Rd7 39. Rb6 Qa7 40. Rb8+
Kh7 41. Rcc8 Bh5 42. Qe4+ g6 43. Rh8+ 1-0

[Event "32. Copenhagen Open (Politiken Cup)"]
[Site "Elsinore"]
[Date "2010.08.04"]
[Round "6"]
[White "Petersen, Tom Petri"]
[Black "Ramme, Christoph"]
[Result "1-0"]
[WhiteElo "2307"]
[BlackElo "2062"]
[PlyCount "93"]
[EventDate "2010.07.31"]
[EventType "swiss"]
[EventRounds "10"]
[EventCountry "DEN"]
[Source "ChessBase"]
[SourceDate "2010.09.01"]

1. g3 d5 2. Bg2 Nf6 3. Nf3 Bf5 4. O-O e6 5. d3 Be7 6. Nbd2 O-O 7. Ne5 Nbd7 8.
Nxd7 Nxd7 9. e4 dxe4 10. dxe4 Bg6 11. Qe2 c6 12. Rd1 Qc7 13. a4 Rfd8 14. Nc4
Bc5 15. Bd2 Rac8 16. Bc3 b5 17. Ba5 Nb6 18. Nd2 b4 19. Nc4 Qe7 20. h4 f6 21.
Rxd8+ Qxd8 22. h5 Bf7 23. e5 Qe7 24. Bxb6 axb6 25. h6 gxh6 26. a5 b5 27. Nb6
Rc7 28. Rd1 f5 29. Qd2 Be8 30. Qxh6 Bg6 31. Qd2 Be8 32. Bf3 Qg7 33. Qf4 Be7 34.
Kg2 Bg5 35. Qd4 Be7 36. a6 Ra7 37. Ra1 c5 38. Qe3 Qf8 39. Nc8 Rc7 40. a7 Rxc8
41. a8=Q Rxa8 42. Rxa8 Kg7 43. Kg1 Qf7 44. Ra7 Kg6 45. Qe2 Kg7 46. Bh5 Qf8 47.
Qd2 1-0

[Event "32. Copenhagen Open (Politiken Cup)"]
[Site "Elsinore"]
[Date "2010.08.04"]
[Round "6"]
[White "Rasmussen, Allan Stig"]
[Black "Jorgensen, Michael"]
[Result "1-0"]
[WhiteElo "2510"]
[BlackElo "2230"]
[PlyCount "71"]
[EventDate "2010.07.31"]
[EventType "swiss"]
[EventRounds "10"]
[EventCountry "DEN"]
[Source "ChessBase"]
[SourceDate "2010.09.01"]

1. d4 f5 2. Nf3 Nf6 3. g3 g6 4. Bg2 Bg7 5. O-O O-O 6. b3 d6 7. Bb2 Qe8 8. c4 h6
9. Nc3 e5 10. dxe5 dxe5 11. Nb5 e4 12. Nxc7 Qe7 13. Nxa8 exf3 14. exf3 f4 15.
Re1 Qf7 16. Qd6 Nc6 17. Qxf4 g5 18. Qc7 Bf5 19. Qxf7+ Rxf7 20. Rad1 Nb4 21. Re5
Bg6 22. Ba3 Nc6 23. Ree1 Nh5 24. f4 Nf6 25. fxg5 hxg5 26. Bxc6 bxc6 27. Rd8+
Kh7 28. Re7 g4 29. Rxf7 Bxf7 30. Bb2 Ne4 31. Bxg7 Kxg7 32. Nc7 Ng5 33. Kf1 Nf3
34. Ke2 c5 35. Ke3 Kf6 36. Na6 1-0

[Event "32. Copenhagen Open (Politiken Cup)"]
[Site "Elsinore"]
[Date "2010.08.04"]
[Round "6"]
[White "Rasmussen, Morten Fredsgaard"]
[Black "Gundersen, Ingvar"]
[Result "0-1"]
[WhiteElo "1956"]
[BlackElo "1779"]
[PlyCount "60"]
[EventDate "2010.07.31"]
[EventType "swiss"]
[EventRounds "10"]
[EventCountry "DEN"]
[Source "ChessBase"]
[SourceDate "2010.09.01"]

1. d4 e6 2. Nf3 f5 3. Bg5 Nf6 4. Nbd2 b6 5. e4 fxe4 6. Nxe4 Be7 7. Bd3 Bb7 8.
Qe2 O-O 9. h4 a5 10. Bxf6 Bxf6 11. Neg5 g6 12. Nxh7 Kxh7 13. Ne5 Kg8 14. Nxg6
Bxd4 15. Nxf8 Qxf8 16. c3 Bg7 17. Qh5 Qf7 18. Qh7+ Kf8 19. Rh3 Be5 20. Qxf7+
Kxf7 21. f3 Na6 22. g4 Nc5 23. Bc2 a4 24. h5 a3 25. O-O-O axb2+ 26. Kxb2 Bd5
27. Bb3 Na4+ 28. Kc1 Nxc3 29. Bxd5 Nxd5 30. Kb1 Nc3+ 0-1

[Event "32. Copenhagen Open (Politiken Cup)"]
[Site "Elsinore"]
[Date "2010.08.04"]
[Round "6"]
[White "Rodshtein, Maxim"]
[Black "Landa, Konstantin"]
[Result "1/2-1/2"]
[WhiteElo "2609"]
[BlackElo "2598"]
[PlyCount "86"]
[EventDate "2010.07.31"]
[EventType "swiss"]
[EventRounds "10"]
[EventCountry "DEN"]
[Source "ChessBase"]
[SourceDate "2010.09.01"]

1. d4 Nf6 2. c4 e6 3. Nf3 d5 4. g3 dxc4 5. Bg2 Nc6 6. Qa4 Bb4+ 7. Bd2 Nd5 8.
Bxb4 Ndxb4 9. Nc3 Bd7 10. O-O a5 11. Qd1 O-O 12. e3 a4 13. Qe2 Na5 14. Ne5 Nd5
15. Nxd5 exd5 16. Bxd5 Bh3 17. Qf3 Bxf1 18. Bxf7+ Kh8 19. Rxf1 Nc6 20. Nxc6
bxc6 21. Qh5 Rb8 22. Bg6 h6 23. Qe2 Qf6 24. Bb1 c5 25. Rd1 Rfd8 26. Qxc4 Rxb2
27. Bc2 cxd4 28. exd4 a3 29. Re1 Rf8 30. f4 Rxc2 31. Qxc2 Qxd4+ 32. Kg2 Qd5+
33. Kh3 Qh5+ 34. Kg2 Qd5+ 35. Kg1 Rb8 36. Re2 c5 37. Re5 Qd4+ 38. Kg2 c4 39.
Kh3 Qd7+ 40. f5 Qf7 41. g4 Rc8 42. Re3 Qf6 43. Qc3 Qd6 1/2-1/2

[Event "32. Copenhagen Open (Politiken Cup)"]
[Site "Elsinore"]
[Date "2010.08.04"]
[Round "6"]
[White "Rydstrom, Tom"]
[Black "Nielsen, Morten"]
[Result "1-0"]
[WhiteElo "1803"]
[BlackElo "1949"]
[PlyCount "109"]
[EventDate "2010.07.31"]
[EventType "swiss"]
[EventRounds "10"]
[EventCountry "DEN"]
[Source "ChessBase"]
[SourceDate "2010.09.01"]

1. e4 Nf6 2. e5 Nd5 3. d4 d6 4. c4 Nb6 5. f4 dxe5 6. fxe5 Nc6 7. Be3 Bf5 8. Nc3
e6 9. Be2 Qd7 10. Nf3 O-O-O 11. h3 h6 12. a3 Na5 13. Nd2 Be7 14. O-O g5 15. b4
Nc6 16. Nb3 Qe8 17. Qc1 h5 18. b5 Nb8 19. c5 Nd5 20. Nxd5 Rxd5 21. Bf3 Bd3 22.
Rd1 Qxb5 23. Bxd5 exd5 24. Qc3 Bg6 25. Ra2 g4 26. hxg4 hxg4 27. Rb2 Nc6 28. Nc1
Qa6 29. Nd3 Be4 30. Nf2 Bf5 31. Bf4 Nd8 32. Qb3 Qg6 33. c6 Qxc6 34. Rc1 Qe6 35.
Qc3 c6 36. Nd3 Bxd3 37. Qxd3 f6 38. exf6 Bxf6 39. Re2 Qd7 40. Be5 Bxe5 41. dxe5
Ne6 42. Rf1 Nc5 43. Qg6 Ne4 44. Rf7 Qd8 45. Qxg4+ Kb8 46. Rb2 Nc5 47. Qb4 Qb6
48. Qc3 Ne4+ 49. Rxb6 Nxc3 50. Rbxb7+ Kc8 51. Rxa7 Kb8 52. e6 Nb5 53. e7 Re8
54. Rf8 Nd6 55. Rd7 1-0

[Event "32. Copenhagen Open (Politiken Cup)"]
[Site "Elsinore"]
[Date "2010.08.04"]
[Round "6"]
[White "Schmitt, Carsten"]
[Black "Krasenkova, Ilena"]
[Result "0-1"]
[WhiteElo "1933"]
[BlackElo "2128"]
[PlyCount "70"]
[EventDate "2010.07.31"]
[EventType "swiss"]
[EventRounds "10"]
[EventCountry "DEN"]
[Source "ChessBase"]
[SourceDate "2010.09.01"]

1. e4 Nf6 2. Nc3 e5 3. Bc4 Bc5 4. d3 c6 5. Bg5 b5 6. Bb3 a5 7. a4 b4 8. Nb1 h6
9. Bxf6 Qxf6 10. Qf3 d6 11. Qxf6 gxf6 12. Ne2 Be6 13. Nd2 Nd7 14. f4 Rg8 15. f5
Bxb3 16. Nxb3 Rxg2 17. Nxc5 Nxc5 18. Kf1 Rg5 19. b3 Ke7 20. h4 Rg4 21. Kf2 d5
22. Kf3 Rag8 23. Rag1 dxe4+ 24. dxe4 h5 25. Rxg4 hxg4+ 26. Ke3 g3 27. h5 g2 28.
Rg1 Rg4 29. Kf3 Rxe4 30. Rxg2 Rh4 31. Ng3 Nb7 32. Ke3 Nd6 33. Rd2 Rh3 34. Kf2
Rxg3 35. Kxg3 Ne4+ 0-1

[Event "32. Copenhagen Open (Politiken Cup)"]
[Site "Elsinore"]
[Date "2010.08.04"]
[Round "6"]
[White "Schou Moldt, Thomas"]
[Black "Kristinsson, Bjarni Jens"]
[Result "0-1"]
[WhiteElo "2183"]
[BlackElo "2044"]
[PlyCount "79"]
[EventDate "2010.07.31"]
[EventType "swiss"]
[EventRounds "10"]
[EventCountry "DEN"]
[Source "ChessBase"]
[SourceDate "2010.09.01"]

1. e4 e6 2. d4 d5 3. Nd2 dxe4 4. Nxe4 Nd7 5. Bd3 Ngf6 6. Ng5 h6 7. N5f3 c5 8.
Qe2 Be7 9. Nh3 b6 10. g4 Bb7 11. g5 hxg5 12. Nhxg5 cxd4 13. Rg1 Qc7 14. Bd2 Rf8
15. Nxd4 O-O-O 16. f4 Nd5 17. Qf1 Bc5 18. Nb5 Qb8 19. Rg3 g6 20. a3 a6 21. b4
Be7 22. Nd4 e5 23. Ne2 exf4 24. Nxf4 Qe5+ 25. Kf2 Nxf4 26. Nf3 Nxd3+ 27. cxd3
Bxf3 28. Rxf3 Qxh2+ 29. Ke1 Qe5+ 30. Kf2 Bg5 31. Qc1+ Kb7 32. Bxg5 Rc8 33. Qh1
Rc2+ 34. Kg1 Ka7 35. Qh3 Qxa1+ 36. Rf1 Qd4+ 37. Be3 Qd5 38. a4 Rh8 39. Bxb6+
Nxb6 40. Qf3 0-1

[Event "32. Copenhagen Open (Politiken Cup)"]
[Site "Elsinore"]
[Date "2010.08.04"]
[Round "6"]
[White "Schroer, Marcel"]
[Black "Spiess, Thomas"]
[Result "1-0"]
[WhiteElo "2106"]
[BlackElo "1979"]
[PlyCount "85"]
[EventDate "2010.07.31"]
[EventType "swiss"]
[EventRounds "10"]
[EventCountry "DEN"]
[Source "ChessBase"]
[SourceDate "2010.09.01"]

1. e4 c5 2. Nf3 Nc6 3. d4 cxd4 4. Nxd4 Qb6 5. Nb3 Nf6 6. Nc3 e6 7. Bd3 Be7 8.
f4 d6 9. Qe2 a6 10. g4 Nd7 11. h4 Qc7 12. Bd2 Nc5 13. Nxc5 dxc5 14. e5 Nd4 15.
Qg2 Bd7 16. O-O-O Bc6 17. Be4 O-O-O 18. h5 h6 19. Be3 Rd7 20. Bxc6 Nxc6 21.
Rxd7 Kxd7 22. Rd1+ Kc8 23. Qe4 Rd8 24. Rxd8+ Qxd8 25. Qh7 Qf8 26. Qd3 Kc7 27.
g5 hxg5 28. fxg5 Nxe5 29. Qe4 Bd6 30. h6 gxh6 31. gxh6 f5 32. Qh4 f4 33. Bf2 f3
34. Bg3 Qh8 35. h7 Nc6 36. Bxd6+ Kxd6 37. Ne4+ Kc7 38. Qg3+ Kb6 39. Qg8 f2 40.
Nxf2 Qe5 41. h8=Q Qe3+ 42. Kd1 Qxf2 43. Qxe6 1-0

[Event "32. Copenhagen Open (Politiken Cup)"]
[Site "Elsinore"]
[Date "2010.08.04"]
[Round "6"]
[White "Schultz Pedersen, Jesper"]
[Black "Holm, Kristian Stuvik"]
[Result "1/2-1/2"]
[WhiteElo "2206"]
[BlackElo "2086"]
[PlyCount "37"]
[EventDate "2010.07.31"]
[EventType "swiss"]
[EventRounds "10"]
[EventCountry "DEN"]
[Source "ChessBase"]
[SourceDate "2010.09.01"]

1. e4 e6 2. d4 d5 3. e5 c5 4. Nf3 Nc6 5. Bd3 cxd4 6. O-O Nge7 7. Bf4 Ng6 8. Bg3
Be7 9. a3 a5 10. Nbd2 Bd7 11. Re1 O-O 12. h4 f5 13. exf6 Rxf6 14. Ng5 Nf8 15.
Ndf3 Rc8 16. Ne5 Nxe5 17. Bxe5 Rh6 18. Bxd4 Bc5 19. Bxc5 1/2-1/2

[Event "32. Copenhagen Open (Politiken Cup)"]
[Site "Elsinore"]
[Date "2010.08.04"]
[Round "6"]
[White "Skovgaard, Tom"]
[Black "Sjol, Henrik"]
[Result "1/2-1/2"]
[WhiteElo "2014"]
[BlackElo "1849"]
[PlyCount "105"]
[EventDate "2010.07.31"]
[EventType "swiss"]
[EventRounds "10"]
[EventCountry "DEN"]
[Source "ChessBase"]
[SourceDate "2010.09.01"]

1. e4 c6 2. d4 d5 3. Nc3 dxe4 4. Nxe4 Bf5 5. Ng3 Bg6 6. Nf3 Nd7 7. Bd3 Bxd3 8.
Qxd3 e6 9. O-O Ngf6 10. Re1 Qc7 11. Ne5 Bd6 12. Qe2 O-O 13. Bd2 Rad8 14. c4 c5
15. Nxd7 Rxd7 16. dxc5 Bxc5 17. Bg5 Be7 18. Red1 Rfd8 19. b3 h6 20. Be3 Bc5 21.
Rxd7 Rxd7 22. Bxc5 Qxc5 23. Rd1 Rxd1+ 24. Qxd1 a5 25. Qf3 Qb6 26. Ne4 Nxe4 27.
Qxe4 Qb4 28. g3 a4 29. bxa4 Qxa4 30. Qxb7 Qxc4 31. Qa8+ Kh7 32. a4 e5 33. a5 e4
34. Qd8 Qc1+ 35. Kg2 Qc6 36. Qd1 Qa8 37. Qe1 Qd5 38. Kg1 Qa8 39. Qb4 Qd5 40.
Qc3 Qd1+ 41. Kg2 Qd5 42. Kf1 Qd1+ 43. Qe1 Qd3+ 44. Qe2 Qb1+ 45. Kg2 Qb7 46. a6
Qc6 47. h4 f5 48. Kh2 Qd7 49. Qe3 Qa4 50. a7 Qa6 51. Qc5 Kg6 52. Qc7 e3 53.
fxe3 1/2-1/2

[Event "32. Copenhagen Open (Politiken Cup)"]
[Site "Elsinore"]
[Date "2010.08.04"]
[Round "6"]
[White "Stray, Gunnar"]
[Black "Skovgaard, Peter Nicolai"]
[Result "1/2-1/2"]
[WhiteElo "2055"]
[BlackElo "2299"]
[PlyCount "192"]
[EventDate "2010.07.31"]
[EventType "swiss"]
[EventRounds "10"]
[EventCountry "DEN"]
[Source "ChessBase"]
[SourceDate "2010.09.01"]

1. d4 Nf6 2. Nf3 c5 3. d5 e6 4. Nc3 exd5 5. Nxd5 Nxd5 6. Qxd5 Nc6 7. c3 d6 8.
g3 Be6 9. Qd3 Be7 10. Bg2 O-O 11. O-O h6 12. h4 Qd7 13. Re1 d5 14. Bf4 Bf6 15.
e4 d4 16. e5 Be7 17. cxd4 cxd4 18. a3 Rfd8 19. b4 Rac8 20. Rac1 a6 21. Qd2 Bf8
22. Qb2 a5 23. b5 Na7 24. Rxc8 Nxc8 25. Rd1 Bc5 26. Nd2 Qe7 27. Nb1 Nb6 28. Bf1
Nc4 29. Bxc4 Bxc4 30. Qd2 b6 31. Qb2 Qd7 32. Kh2 Bxb5 33. f3 Bc6 34. Rf1 Qf5
35. Qd2 Qe6 36. g4 d3 37. Kg3 Kh7 38. Re1 Qd5 39. Re4 Qb3 40. Re1 Qd5 41. Re4
Qb3 42. Re1 Bxa3 43. Nxa3 Qxa3 44. e6 fxe6 45. Rxe6 Qc5 46. Qd1 Qd5 47. Re5 Qc4
48. Bd2 Rf8 49. f4 Re8 50. Qe1 Rxe5 51. Qxe5 Qd5 52. Qxd5 Bxd5 53. Kf2 a4 54.
Bb4 Bc4 55. f5 g6 56. Ke3 b5 57. Bc3 h5 58. fxg6+ Kxg6 59. gxh5+ Kxh5 60. Bb4
Kxh4 61. Kd2 Kg3 62. Ke3 Kg2 63. Bc5 Kg1 64. Bd6 Kf1 65. Bb4 Kg2 66. Bd6 Kh3
67. Bb4 Kg4 68. Bd6 Kf5 69. Bf8 Ke6 70. Ba3 Ke5 71. Bf8 Kd5 72. Be7 Ke5 73. Bf8
Kf5 74. Be7 Kg4 75. Bd6 Kh3 76. Be7 Kg2 77. Bd6 Kf1 78. Bb4 a3 79. Bxa3 Ke1 80.
Bb4+ Kd1 81. Ba5 Kc2 82. Bd2 Bf7 83. Be1 Bg6 84. Ba5 Bh7 85. Bd2 Kb3 86. Kd4
Bg6 87. Be1 Ka4 88. Kc5 Bf7 89. Bd2 Bc4 90. Be1 Kb3 91. Kd4 Ka3 92. Kc5 Kb2 93.
Kd4 Kc1 94. Ke3 Kc2 95. Bd2 Kb3 96. Kd4 Kc2 1/2-1/2

[Event "32. Copenhagen Open (Politiken Cup)"]
[Site "Elsinore"]
[Date "2010.08.04"]
[Round "6"]
[White "Svane, Rasmus"]
[Black "Christensen, Esben"]
[Result "1-0"]
[WhiteElo "2216"]
[BlackElo "2098"]
[PlyCount "73"]
[EventDate "2010.07.31"]
[EventType "swiss"]
[EventRounds "10"]
[EventCountry "DEN"]
[Source "ChessBase"]
[SourceDate "2010.09.01"]

1. d4 Nf6 2. c4 c5 3. d5 b5 4. Nf3 g6 5. Nbd2 Bg7 6. e4 d6 7. cxb5 O-O 8. a4 a6
9. Ra3 axb5 10. axb5 Bb7 11. Bd3 Nbd7 12. Nc4 Ng4 13. O-O Nge5 14. Nfxe5 Nxe5
15. Nxe5 Bxe5 16. Qb3 Qd7 17. Bh6 Rfe8 18. Rfa1 Rab8 19. b6 Qg4 20. Be3 e6 21.
Ra7 exd5 22. exd5 Qh5 23. f4 Bd4 24. Bxd4 cxd4 25. Bb5 Re3 26. Qc4 Qxd5 27.
Rxb7 Qxb7 28. Ra7 Re1+ 29. Kf2 Re2+ 30. Kxe2 Qxg2+ 31. Kd1 Qg4+ 32. Kc2 Qf5+
33. Kb3 Qxf4 34. b7 Qf3+ 35. Ka2 d3 36. Qxd3 Qf2 37. Ra8 1-0

[Event "32. Copenhagen Open (Politiken Cup)"]
[Site "Elsinore"]
[Date "2010.08.04"]
[Round "6"]
[White "Taksrud, Vidar"]
[Black "Jacobsen, Fredrik Beer"]
[Result "0-1"]
[WhiteElo "2097"]
[BlackElo "1955"]
[PlyCount "76"]
[EventDate "2010.07.31"]
[EventType "swiss"]
[EventRounds "10"]
[EventCountry "DEN"]
[Source "ChessBase"]
[SourceDate "2010.09.01"]

1. d4 Nf6 2. c4 e6 3. Nf3 b6 4. g3 Ba6 5. b3 Bb4+ 6. Bd2 Be7 7. Bg2 c6 8. O-O
O-O 9. Nc3 d5 10. cxd5 cxd5 11. Ne5 Nfd7 12. Rc1 Nxe5 13. dxe5 Nd7 14. f4 Rc8
15. Re1 Ba3 16. Rb1 Qe7 17. b4 Bxb4 18. Nxd5 Bc5+ 19. Ne3 Nxe5 20. Kh1 Nc4 21.
Nxc4 Bxc4 22. Qa4 b5 23. Qa6 Rcd8 24. Bc3 Rd6 25. Qa5 Qd7 26. a4 Bb6 27. Qb4 a6
28. Be5 Rd2 29. Bf3 Bxe2 30. Bg2 Bc4 31. axb5 Bxb5 32. Bc3 Rf2 33. Red1 Qc7 34.
Rbc1 Bc6 35. Be4 f5 36. Be5 Bxe4+ 37. Qxe4 Qxc1 38. Qd3 Qc6+ 0-1

[Event "32. Copenhagen Open (Politiken Cup)"]
[Site "Elsinore"]
[Date "2010.08.04"]
[Round "6"]
[White "Tallaksen, Levi Andre"]
[Black "Hansen, Herluf"]
[Result "1-0"]
[WhiteElo "2177"]
[BlackElo "2026"]
[PlyCount "75"]
[EventDate "2010.07.31"]
[EventType "swiss"]
[EventRounds "10"]
[EventCountry "DEN"]
[Source "ChessBase"]
[SourceDate "2010.09.01"]

1. d4 Nf6 2. Nf3 b6 3. e3 Bb7 4. Nbd2 e6 5. Bd3 c5 6. O-O Be7 7. Qe2 d6 8. c3
O-O 9. Rd1 Qc8 10. Nf1 Ba6 11. c4 Nbd7 12. b3 Re8 13. Bb2 Bb7 14. Ng3 Qc7 15.
e4 cxd4 16. Nxd4 a6 17. Rac1 Bf8 18. Bb1 g6 19. Nc2 Rad8 20. Ne3 Bg7 21. Bd4
Qb8 22. Qb2 b5 23. cxb5 axb5 24. b4 e5 25. Bc3 h5 26. f3 Bh6 27. Bd2 Qa7 28.
Ngf1 d5 29. exd5 Nxd5 30. Qb3 N7f6 31. Kh1 Kg7 32. Nxd5 Bxd5 33. Bxh6+ Kxh6 34.
Qe3+ Qxe3 35. Nxe3 Bc4 36. Rxd8 Rxd8 37. Nxc4 bxc4 38. Be4 1-0

[Event "32. Copenhagen Open (Politiken Cup)"]
[Site "Elsinore"]
[Date "2010.08.04"]
[Round "6"]
[White "Tandrup, Michael"]
[Black "Knudsen, Joachim Holm"]
[Result "1-0"]
[WhiteElo "1968"]
[BlackElo "1756"]
[PlyCount "55"]
[EventDate "2010.07.31"]
[EventType "swiss"]
[EventRounds "10"]
[EventCountry "DEN"]
[Source "ChessBase"]
[SourceDate "2010.09.01"]

1. d4 Nf6 2. Nf3 e6 3. e3 d5 4. b3 Be7 5. Bb2 O-O 6. Bd3 b6 7. Nbd2 Bb7 8. O-O
Nbd7 9. c4 dxc4 10. Nxc4 c5 11. Rc1 cxd4 12. exd4 Nd5 13. Nce5 Bd6 14. Nxd7
Qxd7 15. Ne5 Qe7 16. Qh5 f5 17. g3 Rf6 18. Qe2 Nf4 19. gxf4 Rg6+ 20. Nxg6 hxg6
21. d5 Bxd5 22. Bc4 Bxf4 23. Bxd5 Qg5+ 24. Bg2 Kf7 25. Qf3 Bxh2+ 26. Kxh2 Rh8+
27. Kg1 Qe7 28. Qb7 1-0

[Event "32. Copenhagen Open (Politiken Cup)"]
[Site "Elsinore"]
[Date "2010.08.04"]
[Round "6"]
[White "Torner Planell, Josep Ramon"]
[Black "Molvig, Henrik"]
[Result "0-1"]
[WhiteElo "2034"]
[BlackElo "2179"]
[PlyCount "58"]
[EventDate "2010.07.31"]
[EventType "swiss"]
[EventRounds "10"]
[EventCountry "DEN"]
[Source "ChessBase"]
[SourceDate "2010.09.01"]

1. e4 c5 2. Nf3 d6 3. d4 cxd4 4. Nxd4 Nf6 5. Nc3 a6 6. h3 Nbd7 7. g4 Nc5 8. Bg2
g6 9. Be3 Bg7 10. Qd2 O-O 11. Bh6 e5 12. Bxg7 Kxg7 13. Nde2 b5 14. Ng3 b4 15.
Nd5 Nxd5 16. Qxd5 Bb7 17. Qd2 a5 18. O-O-O Ra6 19. f4 exf4 20. Qxf4 Qf6 21. Qe3
a4 22. Qd4 Qe5 23. Qxe5+ dxe5 24. a3 bxa3 25. bxa3 Rb6 26. Rhe1 Rc8 27. Kd2 Rb2
28. Kc3 Ra2 29. Kb4 Nd3+ 0-1

[Event "32. Copenhagen Open (Politiken Cup)"]
[Site "Elsinore"]
[Date "2010.08.04"]
[Round "6"]
[White "Unzicker, Ferdinand"]
[Black "Petersen, Peter Birk"]
[Result "1-0"]
[WhiteElo "2324"]
[BlackElo "2178"]
[PlyCount "75"]
[EventDate "2010.07.31"]
[EventType "swiss"]
[EventRounds "10"]
[EventCountry "DEN"]
[Source "ChessBase"]
[SourceDate "2010.09.01"]

1. c4 e5 2. Nc3 Nc6 3. g3 g6 4. Bg2 Bg7 5. e4 d6 6. Nge2 Nge7 7. d3 O-O 8. O-O
Be6 9. Nd5 Rb8 10. Bg5 f6 11. Be3 a6 12. Qd2 Qd7 13. Rac1 Nd8 14. d4 Nf7 15.
Nxe7+ Qxe7 16. d5 Bd7 17. c5 Rfc8 18. b4 Bf8 19. Nc3 Qe8 20. a3 Be7 21. Rfd1
Kg7 22. Rc2 h5 23. Rdc1 h4 24. c6 bxc6 25. dxc6 Be6 26. Nd5 h3 27. Bf1 Ra8 28.
a4 Bd8 29. f3 Ng5 30. Be2 Qh8 31. b5 axb5 32. axb5 Ra3 33. Bxg5 fxg5 34. b6
cxb6 35. c7 Bf6 36. Nxf6 Kxf6 37. Qxd6 g4 38. Qxa3 1-0

[Event "32. Copenhagen Open (Politiken Cup)"]
[Site "Elsinore"]
[Date "2010.08.04"]
[Round "6"]
[White "Wadtland, Flemming"]
[Black "Pedersen, Carl Aage"]
[Result "1/2-1/2"]
[WhiteElo "1567"]
[BlackElo "1776"]
[PlyCount "47"]
[EventDate "2010.07.31"]
[EventType "swiss"]
[EventRounds "10"]
[EventCountry "DEN"]
[Source "ChessBase"]
[SourceDate "2010.09.01"]

1. c4 f5 2. Nf3 Nf6 3. d3 d6 4. g3 e5 5. Nc3 Be7 6. Bg2 O-O 7. Qc2 c5 8. Bg5
Nbd7 9. O-O Rb8 10. a4 b6 11. Nh4 h6 12. Bxf6 Nxf6 13. Ng6 Re8 14. f4 Kh7 15.
Nxe7 Qxe7 16. e4 g6 17. exf5 Bxf5 18. Rae1 Qg7 19. fxe5 dxe5 20. Rf2 Rbd8 21.
Ne4 Nxe4 22. Bxe4 Bxe4 23. Rxe4 Re7 24. Re1 1/2-1/2